书目信息 |
| 题名: |
扬琴重奏作品
|
|
| 作者: | 刘月宁 主编 | |
| 分册: | 一 “茉莉花”重奏团演奏作品专集(分谱) | |
| 出版信息: | 北京 蓝天出版社 2013 |
|
| 页数: | 296页 | |
| 开本: | 29cm | |
| 丛书名: | ||
| 单 册: | ||
| 中图分类: | J648.519 | |
| 科图分类: | ||
| 主题词: | 扬琴--Yang Qin--重奏曲--作品集--中国 | |
| 电子资源: | ||
| ISBN: | 978-7-5094-0978-7 | |
| 000 | 00930nam0 22002411 450 | |
| 001 | 349856 | |
| 005 | 20161010151555.37 | |
| 010 | @a978-7-5094-0978-7@dCNY48.00 | |
| 100 | @a20130725d2013 em y0chiy50 ea | |
| 101 | 0 | @achi |
| 102 | @aCN@b110000 | |
| 105 | @aag z 000yy | |
| 106 | @ar | |
| 200 | 1 | @a扬琴重奏作品@AYang Qin Chong Zou Zuo Pin@h一@i“茉莉花”重奏团演奏作品专集(分谱)@f刘月宁主编 |
| 210 | @a北京@c蓝天出版社@d2013 | |
| 215 | @a296页@c照片@d29cm | |
| 300 | @a扬琴重奏曲集系列 茉莉芬芳 | |
| 330 | @a本书是国内第一本扬琴重奏作品专辑。曲集精选了创建于2008年的“茉莉花”扬琴重奏团首演的多首在国内外广受观众好评的中外经典名曲,以重奏的形式进一步拓宽和发展了扬琴这种世界性民俗乐器的独特音乐艺术语言。 | |
| 606 | 0 | @a扬琴@AYang Qin@x重奏曲@x作品集@y中国 |
| 690 | @aJ648.519@v5 | |
| 701 | 0 | @a刘月宁@ALiu Yue Ning@c(女,@f1965.10~)@4主编 |
| 801 | 0 | @aCN@bTANGWEI@20160802 |
| 905 | @b0887105-9@dJ648.519@e197:1@f5 | |
| 扬琴重奏作品.一.“茉莉花”重奏团演奏作品专集(分谱)/刘月宁主编 .-北京:蓝天出版社,2013 |
| 296页:照片;29cm |
| 扬琴重奏曲集系列 茉莉芬芳 |
| ISBN 978-7-5094-0978-7:CNY48.00 |
| 本书是国内第一本扬琴重奏作品专辑。曲集精选了创建于2008年的“茉莉花”扬琴重奏团首演的多首在国内外广受观众好评的中外经典名曲,以重奏的形式进一步拓宽和发展了扬琴这种世界性民俗乐器的独特音乐艺术语言。 |
| ● |
| 相关链接 |
|
|
|
|
正题名:扬琴重奏作品
索取号:J648.519/197:1
 
预约/预借
| 序号 | 登录号 | 条形码 | 馆藏地/架位号 | 状态 | 备注 |
| 1 | 0887105 | 208871050 | 第一样本阅览室/ [索取号:J648.519/197:1] | 在馆 | |
| 2 | 0887106 | 208871069 | 第一借阅区/ [索取号:J648.519/197:1] | 在馆 | |
| 3 | 0887107 | 208871078 | 第一借阅区/ [索取号:J648.519/197:1] | 在馆 | |
| 4 | 0887108 | 208871087 | 第一借阅区/ [索取号:J648.519/197:1] | 在馆 | |
| 5 | 0887109 | 208871096 | 第一借阅区/ [索取号:J648.519/197:1] | 在馆 |